Ezra Santos
Chicago B
Categories
Science - Physics | 0 | 6 | 1 | 2 | 55 | 68 | 97.67 | 2 | 4 |
Philosophy | 1 | 4 | 1 | 0 | 50 | 59 | 80.40 | 1 | 4 |
Science - Chemistry | 1 | 3 | 0 | 1 | 45 | 58 | 86.25 | 1 | 4 |
Fine Arts - Auditory Fine Arts | 0 | 4 | 0 | 2 | 40 | 121 | 140.50 | 0 | 0 |
Social Science | 0 | 2 | 0 | 0 | 20 | 81 | 95.50 | 0 | 2 |
Other Science: Astronomy | 0 | 2 | 0 | 1 | 20 | 113 | 125.00 | 0 | 1 |
Other Science: Earth Science | 0 | 2 | 0 | 1 | 20 | 120 | 131.00 | 0 | 1 |
Beliefs | 1 | 0 | 0 | 0 | 15 | 80 | 80.00 | 0 | 1 |
Other Science: Computer Science | 1 | 0 | 0 | 0 | 15 | 47 | 47.00 | 1 | 1 |
Science - Biology | 0 | 1 | 0 | 0 | 10 | 118 | 118.00 | 0 | 0 |
Chemistry> | 0 | 1 | 0 | 0 | 10 | 120 | 120.00 | 0 | 1 |
0 | 1 | 1 | 0 | 5 | 109 | 109.00 | 0 | 0 | |
Other Science: Math | 0 | 0 | 1 | 0 | -5 | 0.00 | 0 | 0 | |
Fine Arts - Visual Fine Arts | 0 | 0 | 1 | 0 | -5 | 0.00 | 0 | 0 |